000
00255nam a2200097Ia 4500
001
641701
005
20250826153512.0
008
250824s9999 xx 000 0 und d
245
0
_a
CEMRE ÖNCE KALBE DÜŞER
_c
AHMED GÜNBAY YILDIZ
260
_b
TİMAŞ KÜLTÜR
999
_c
641701
_d
641701